[Event "Voronezh op-A 22nd"]
[Site "Voronezh"]
[Date "2018.06.20"]
[Round "8"]
[White "Tiviakov, Sergei"]
[Black "Dzhumaev, Marat"]
[Result "1-0"]
[WhiteElo "2580"]
[BlackElo "2434"]
[Annotator "Tiviakov,S"]
[PlyCount "43"]
[EventDate "2018.06.12"]
[EventType "swiss"]
[EventRounds "9"]
[EventCountry "RUS"]
[SourceTitle "CBM 185"]
[Source "ChessBase"]
[SourceDate "2018.07.13"]
[SourceVersion "1"]
[SourceVersionDate "2018.07.13"]
[SourceQuality "1"]

{My opponent in this game is a very talented player from Uzbekistan Marat
Dzhumaev. He is incredibly dangerous in sharp positions where he has the
initiative and an attack. Several months before this game in Chennai (India) I
lost a quick game to him withntye black pieces. Now I was eager to take my
revenge.} 1. e4 e5 2. Nf3 Nc6 3. Bb5 a6 4. Ba4 Nf6 5. Qe2 ({Nowadays mostly I
play the Ruy Lopez instead of the Italian and here I can choose between the
text and} 5. d3) 5... b5 {Marat doesn't play b7-b5 often in the Ruy Lopez,
because of that I decided to challenge him by playing a2-a4, attacking the
pawn on b5 (similar to my game against I. Sokolov from the Dutch championship
2018).} 6. Bb3 Be7 7. a4 {Besides this move I can make any other reasonable
move for White in this position: 7.c3, 7.0-0, 7.d4 etc.} Bb7 8. c3 O-O 9. O-O
d5 {The most principled continuation for Black - he fights for the centre!} 10.
d4 {The biggest advantage of playing rare variations is that even in the most
rare lines you have much better experience and understanding of the positions
than any other player in the world!} Nxe4 (10... Na5 11. Bc2 dxe4 12. Nxe5 b4
13. Nd2 c5 14. Nxe4 b3 15. Nxf6+ Bxf6 16. Be4 Bxe4 17. Qxe4 cxd4 18. cxd4 Rc8
19. Be3 Re8 20. Rac1 Nc4 21. Qb7 Nxe5 22. dxe5 Bxe5 23. Rxc8 Qxc8 24. Qxb3 Qb8
25. Qxb8 Rxb8 26. Rc1 Bxb2 27. Rc6 Bd4 28. h3 Bxe3 29. fxe3 h5 30. Kf2 a5 31.
Rc5 g6 32. Rxa5 Rb4 33. Kf3 Kg7 34. Ra8 f5 35. a5 Ra4 36. a6 h4 37. a7 Kh7 38.
Ke2 Ra3 39. Kd2 Kg7 40. Kc2 Ra1 41. Kc3 Ra2 42. Kd3 Ra4 43. Kc2 Ra3 44. Kb2 Ra4
45. Kb3 Ra1 46. Kc4 Ra2 47. Kc5 Ra1 48. Kd5 Ra4 49. Ke5 Re4+ 50. Kd6 Ra4 51.
Kd5 Ra5+ 52. Kc6 Ra1 53. Kc5 Ra2 54. Kd4 Ra4+ 55. Kd3 Kh7 56. Ke2 Kg7 57. Kf3
Kh7 58. g3 hxg3 59. Kxg3 Kg7 60. Kf3 Kh7 61. Ke2 Kg7 62. Kd3 Kh7 63. Kc3 Kg7
64. Kb3 Ra1 65. Kc4 Ra2 66. Kd5 Ra5+ 67. Ke6 Ra3 68. Kd6 Ra4 69. h4 Ra3 70. Kc5
Ra1 71. Kd5 Ra5+ 72. Kd4 {½-½ Tiviakov,S-Adams,M/Wijk aan Zee 2006 (72)}) 11.
dxe5 Nc5 12. Bc2 bxa4 {Until this moment my opponent was playing quickly and
correctly.} (12... Nxa4 $1 {is the best answer for Black since White more or
less forced to exchange his good Spanish bishop on c2 when Black has most
chances to reach equality.} 13. Qd3 (13. Nbd2 g6 14. Nb3 $44 {is the computer
choice. He thinks that White has full compensation for the pawn.}) 13... g6 14.
Bxa4 bxa4 15. Bh6 (15. Qd1 Qd7 16. Qxa4 Qf5 17. Bf4 $11) 15... Re8 16. Rxa4 (
16. Re1 Qd7 17. Nbd2 $11) 16... Qd7 17. Rf4 (17. Ra1 Nd8 $15) 17... Nd8 $15 18.
Nd4 {½-½ Baklan,V-Azarov,S/Eforie Nord 2008/CBM 126 Extra (18)}) (12... b4
$11 {is another good alternative to the text. My game against Borisek has been
previously annotated for ChessBase Magazine and can also be found in the Mega
Database.} 13. Rd1 f5 (13... Ne6 14. a5 bxc3 15. bxc3 Na7 16. Na3 c5 17. Nc4
Qc7 18. Nb6 Rad8 19. Nxd5 Bxd5 20. Rxd5 Rxd5 21. Qe4 g6 22. Qxd5 Nc6 23. h4 Rd8
24. Qe4 Nxa5 25. h5 c4 26. hxg6 hxg6 27. Be3 Nb3 28. Rxa6 Nbc5 29. Bxc5 Nxc5
30. Rxg6+ fxg6 31. Qxg6+ Kf8 32. Qh6+ Ke8 33. Bg6+ Kd7 34. Bf5+ Ke8 35. Qh5+
Kf8 36. Qh8+ {1-0 Tiviakov,S-Borisek,J/Trieste 2007 (36)}) 14. Nbd2 Qd7 15. a5
Qe6 16. Nb3 Ne4 17. Nbd4 Nxd4 18. cxd4 f4 19. Bb3 Qf5 20. Ne1 c5 21. dxc5 Nxc5
22. Ba2 Ne4 23. Nd3 f3 24. Qxf3 Qxf3 25. gxf3 Rxf3 26. Be3 Raf8 27. Ne1 Rxe3
28. fxe3 Bg5 29. Ng2 Nf2 30. h4 Nxd1 31. Rxd1 Bd8 32. Bb3 Bxa5 33. Bxd5+ Bxd5
34. Rxd5 Bc7 35. Nf4 Re8 36. Nd3 a5 37. Kf2 Kf7 38. Kf3 a4 39. Rd7+ Re7 40. Rd4
Bxe5 41. Rxb4 Bf6 42. Rxa4 Rb7 {½-½ Cherniaev,A-Hawkins,J/England 2014/EXT
2015 (42)}) 13. Be3 {Now White gets reasonable chances for an advantage since
his bishop on c2 remains alive!} (13. Rd1 a5 (13... Nb3 14. Rxa4 Nxc1 15. Rxc1
$14) 14. Nd4 Qd7 15. Nf5 g6 16. Nxe7+ Qxe7 $11 {leads to an equal position.})
13... f6 $6 {The move that I don't like for Black. Weakening of the king is
always dangerous. And my chess beliefs and principles tell me that unless it
is necessary it is better not to weaken the position of your own king.} (13...
a5 14. Bxc5 Bxc5 15. Qd3 (15. Rd1 Re8 $11) 15... g6 16. Bxa4 $11 {is equal
according to a computer. I can agree with this.}) 14. exf6 Rxf6 15. Nbd2 ({
Besides the text move White could also have played} 15. Re1 $5 $14) ({or} 15.
Rd1 $5 $14 {with a small advantage, but I preferred to finish the development
of the knight b1.}) 15... Qd7 $6 {This moves gives White tactical ideas and
tricks to use. Of course, this move is not a losing one, but is a 2nd step in
the wrong direction.} (15... a5 16. Qd1 Ba6 {was better, bringing the bishop
on b7 into play.} 17. Re1 Rb8 18. Qb1 h6 $14 {and White is only slightly
better.}) 16. Bxc5 $5 ({Here again White had a choice between} 16. Rfd1 $5 $14)
({and} 16. Rad1 $5 {but I already had lot of attacking ideas in my mind.})
16... Bxc5 17. Qd3 {1-2 mistakes in chess are never fatal. But every mistake
forces the defending side to play more and more accurately with every move.
And there always comes a moment when you have to make only moves to stay in
the game.} Rh6 $6 {This natural move is a serious inaccuracy.} (17... g6 {
was necessary, being ready to sacrifice the exchange after} 18. Ne4 (18. Bxa4
$14) 18... Rxf3 19. gxf3 Be7 {although even then White keeps the advantage.}
20. Nd2 $14 (20. Ng3 Ne5 21. Qe2 Bd6 22. f4 Nc4 23. f5 $14 (23. Bxa4 Qf7 $44)))
(17... Rg6 {is bad for Black because of} 18. Ne4 Be7 19. Neg5 {with a strong
attack} Bxg5 20. Nxg5 $16 {->} Rxg5 21. Qxh7+ Kf8 (21... Kf7 22. f4 $18) 22. f4
$18) 18. Ne4 Bb6 $6 {Moving away the pieces far from your king is always
dangerous. If you look now at the position of the black pieces, you can notice
that 5 of them are standing on the queenside. And only one rook on h6 is
defending the king.} (18... Nd4 $1 {was necessary. After} 19. Nf6+ (19. Nxc5
Nxf3+ 20. Qxf3 Qd6 21. h3 Qxc5 22. Rxa4 $14) 19... gxf6 20. cxd4 Bd6 21. Bxa4
$16 {White is much better but still there is plenty of play is ahead!}) (18...
Be7 19. Ng3 Rf8 20. Rxa4 $16 {was also better than 18...Bb6} (20. Bxa4 $16))
19. Neg5 {Now White launches a direct attack on the black king. It is
questionable whether Black can save himself since all his pieces are far away
from the king.} Qd6 (19... a3 $8 {was the only move to continue fighting. E.g.}
20. b4 (20. bxa3 a5 21. Rfe1 $16) 20... g6 21. Rfe1 $16 {with a very strong
attack by White.}) (19... a5 20. Rfe1 Ba6 21. Qd2 $18) 20. Rfe1 $1 $18 {
Now White wins in all lines.} (20. Rae1 $18 {could win as well, but the text
is more precise.} Rf8 21. Re6 Rxf3 22. Rxh6 Rxd3 23. Rxd6 cxd6 24. Bxd3 $18)
20... Qc5 ({Or} 20... Ne7 21. Re6 Rxe6 22. Qxh7+ Kf8 23. Qh8+ Ng8 24. Bh7 $18)
({or} 20... g6 21. Re6 Qd7 22. Bxa4 $18) 21. Re6 (21. Qf5 {could win in a very
beautiful way. E.g.} Rf8 22. Re8 Nd8 23. Qxh7+ Rxh7 24. Bxh7+ Kh8 25. Ne5 Qxf2+
26. Kh1 g6 27. Rxf8+ Qxf8 28. Nxg6+ Kg7 29. Nxf8 $18 {But the text is much
simplier. And I was always choose simplicity instead of beauty in chess.})
21... Qc4 (21... Rh5 22. g4 $18 (22. Kh1)) (21... g6 22. Nxh7 $18) 22. Qf5 {
If 22...Rf8, then 23.Re8+-. That's why Black resigned. I am very happy with
this game. It is not every day you manage to create such a nice short
attacking game!} 1-0

[Event "Trieste op 09th"]
[Site "Trieste"]
[Date "2007.09.02"]
[Round "3"]
[White "Tiviakov, Sergei"]
[Black "Borisek, Jure"]
[Result "1-0"]
[WhiteElo "2648"]
[BlackElo "2506"]
[Annotator "Tiviakov,S"]
[PlyCount "71"]
[EventDate "2007.09.01"]
[EventType "swiss"]
[EventRounds "9"]
[EventCountry "ITA"]
[SourceTitle "CBM 120"]
[Source "ChessBase"]
[SourceDate "2007.10.02"]
[SourceVersion "1"]
[SourceVersionDate "2007.10.02"]
[SourceQuality "1"]

{This nice game was played in the Triest (Italy) open tournament in September
2007, the tournament I managed to win jointly with V. Baklan from Ukraine with
7 points out 9.} 1. e4 e5 2. Nf3 Nc6 3. Bb5 a6 4. Ba4 Nf6 5. Qe2 {My main
answer against the Ruy Lopez. Although I sometimes play other moves here (like
5.d3, 5.0-0 Be7 6.Qe2) this move is played by me most frequently.} b5 6. Bb3
Be7 7. a4 $5 {During my long chess career I have chosen all possible moves
here. The text move leads to the most complex positions among the various
moves.} Bb7 8. c3 O-O 9. O-O d5 10. d4 ({Stronger than the passive} 10. d3 {
which gives Black the control over the center.}) 10... Nxe4 $5 $146 ({This
move is new and was suggested by me annotating the game against Adams from the
Wijk aan Zee tournament. The position is so complex that both sides have
plenty of possibilities to choose from, and it is not easy even after long
analysis to understand which moves are better here. After} 10... dxe4 11. Nxe5
Bd6 12. Bf4 Qe8 13. axb5 axb5 14. Rxa8 Bxa8 {the draw was agreed in the game
Tiviakov,S-Bareev,E/Madrid (Spain) 1994. Later I found that after} 15. Nxf7 $1
Rxf7 16. Bxd6 cxd6 17. Bxf7+ Qxf7 18. Qxb5 $14 {White gets an advantage.}) (
10... Na5 11. Bc2 dxe4 {took place in my game against Adams. There I also got
an advantage, but failed to convert it into a full point.} 12. Nxe5 b4 (12...
Qd5 13. axb5 axb5 14. Bg5 c5 15. Rd1 cxd4 16. cxd4 Nb3 17. Rxa8 Rxa8 18. Qe3
Na1 19. Nc3 Qe6 20. Bb1 Qb3 21. Rf1 Qxb2 22. Bxf6 Bxf6 23. Bxe4 Nc2 24. Bxc2
Qxc2 25. Nxb5 {1-0 Walther,E-Christoffel,M/Zuerich 1961/MCD (64)}) 13. Nd2 c5
14. Nxe4 b3 15. Nxf6+ Bxf6 16. Be4 Bxe4 17. Qxe4 cxd4 18. cxd4 Rc8 19. Be3 Re8
20. Rac1 Nc4 21. Qb7 Nxe5 22. dxe5 Bxe5 23. Rxc8 Qxc8 24. Qxb3 Qb8 25. Qxb8
Rxb8 26. Rc1 Bxb2 27. Rc6 Bd4 28. h3 Bxe3 29. fxe3 h5 {1/2-1/2 Tiviakov,
S-Adams,M/Wijk aan Zee 2006 - Inf 96/(250)}) 11. dxe5 Nc5 12. Bc2 b4 {The
structure of the position here is similar to the lines arising after 5.0-0 Ne4
6.d4 b5 7.Bb3 d5 8.de Be6, only the difference is that the bishop is on b7.}
13. Rd1 ({White had several other possibilities here, all leading to complex
unclear positions.} 13. Be3 $5) (13. Nbd2 a5 $13 (13... d4 $5)) (13. a5 $5)
13... Ne6 $6 ({Here my opponent starts to commit several inaccuracies bringing
himself into trouble. After the correct} 13... a5 $5 14. c4 (14. Nd4 Nxd4 15.
cxd4 Ne6 16. Qd3 g6 17. Bh6 Re8 18. Nd2 Ba6 19. Qe3 c5 $13) 14... d4 15. Be3
Ne6 $13 {the position is unclear.}) ({Also} 13... Qd7 $5 {was possible. For
example,} 14. Nd4 Nxd4 15. cxd4 Ne6 16. Qd3 g6 17. Bh6 $13 {, followed by Nd2
with unclear play.}) 14. a5 $1 ({Very important move, quite typical in the Ruy
Lopez. White 'breaks' Black pawns' structure on the queen's side, also
vacating the square a4 for the bishop. And if Black plays Qd8-d7 then the
knight c6 will be pinned. After} 14. Qd3 g6 15. Bh6 Re8 $13 16. Bb3 $140 Na5 $1
{White has nothing.}) ({But} 14. Be3 $5 {deserved attention as well.}) 14...
bxc3 ({both} 14... Re8 $14) ({and} 14... Qd7 $5 {were both worth considering.})
15. bxc3 Na7 ({Here again the same moves deserved serious attention.} 15... Re8
$14) (15... Qd7 $5) 16. Na3 $5 ({Playing this move I had an idea to prevent
the possible development of the black knight to b5 (although it was not a
threat). Nevertheless White could have won a pawn here by} 16. c4 $1 {
(threatening to play Nb1-c3)} d4 17. Qd3 g6 18. Nxd4 $16 {with a large
advantage.}) 16... c5 ({Weakening the square b6. The only way to continue the
fight was} 16... f5 $16) 17. Nc4 (17. Qd3 g6 18. Bh6 Re8 19. Ba4 $16 {with
advantage was possible as well. But playing 17.Nc4 I already had a nice
combination in mind.}) 17... Qc7 (17... Nc8 $16 {was the alternative to the
text although that passive move was very difficult to make.}) 18. Nb6 Rad8 19.
Nxd5 $3 ({The point of the White idea. With the help of the small sacrifice
White gets a large advantage. The simple} 19. Qd3 g6 20. Bh6 $16 {was also
possible.}) 19... Bxd5 (19... Rxd5 20. Rxd5 Bxd5 21. Qd3 g6 22. Qxd5 {leads us
to the same position as 19...Bd5.}) 20. Rxd5 Rxd5 21. Qe4 g6 ({After} 21...
Rfd8 22. Qxh7+ Kf8 23. Qh8# {Black gets mated.}) 22. Qxd5 Nc6 23. h4 $1 $40 {
Strangely enough White is not able to keep his extra pawn here. But thanks to
the pair of bishops and the pawn majority on the king's side White creates a
decisive attack.} Rd8 24. Qe4 Nxa5 25. h5 {Threatening to exchange on g6 and
play Qe4-g4. The targets are the weak squares e6 and g6.} c4 (25... Ng7 {
loses after} 26. hxg6 hxg6 27. Bg5 $18 {with attack.} ({or} 27. Qg4 $5 {
followed by e5-e6.})) 26. hxg6 hxg6 27. Be3 $1 ({Here I spent a lot of time
calculating the tempting sacrifices after} 27. Qg4 Nb3 28. Rxa6 (28. Bxg6 $2
Nxa1 $17) 28... Nxc1 29. Bxg6 (29. Rxe6 Nd3 $11) 29... Ne2+ 30. Kf1 (30. Kh2
Ng7 $13) 30... N2f4 $13 {but failed to find the win. Finally I chose the text
move, simple and strong.}) 27... Nb3 (27... Nc5 {loses after} 28. Bxc5 (28. Qg4
$40) 28... Qxc5 (28... Bxc5 29. e6 $18 (29. Qh4 $40) (29. Qg4 $40)) 29. e6 f5
30. Qf4 $18 {with a decisive attack.}) 28. Rxa6 $1 {Although it was not so
difficult to calculate the lines arising after the rook sacrifice still it is
very nice to finish the game elegantly!} Nbc5 29. Bxc5 Nxc5 30. Rxg6+ $1 (30.
Rc6 $18 {was also winning}) 30... fxg6 ({Black gets mated after} 30... Kf8 31.
Rg8+ Kxg8 32. Qh7+ Kf8 33. Qh8#) 31. Qxg6+ Kf8 32. Qh6+ Ke8 ({Or} 32... Kf7 33.
e6+ Nxe6 34. Bg6+ Kf6 35. Bh5+ Kf5 36. Qg6+ Kf4 37. g3# {mate}) 33. Bg6+ Kd7
34. Bf5+ Ke8 35. Qh5+ (35. Qh8+ Bf8 36. Qh5+ Qf7 (36... Ke7 37. Qh7+ $18) 37.
Bg6 $18) 35... Kf8 36. Qh8+ {After 36...Kf7 37.Ng5 Bg5 38.Qh7+- White wins the
queen, so Black resigned.} 1-0

[Event "Groningen op-A 48th"]
[Site "Groningen"]
[Date "2011.12.23"]
[Round "3"]
[White "Tiviakov, Sergei"]
[Black "Rapport, Richard"]
[Result "1-0"]
[WhiteElo "2650"]
[BlackElo "2534"]
[Annotator "Tiviakov,S"]
[PlyCount "123"]
[EventDate "2011.12.21"]
[EventType "swiss"]
[EventRounds "9"]
[EventCountry "NED"]
[SourceTitle "CBM 146"]
[Source "ChessBase"]
[SourceDate "2012.01.18"]
[SourceVersion "1"]
[SourceVersionDate "2012.01.18"]
[SourceQuality "1"]

1. e4 e5 2. Nf3 Nc6 3. Bb5 a6 4. Ba4 Nf6 5. d3 d6 6. c3 g6 7. Bg5 h6 8. Bh4 Be7
$5 9. Nbd2 g5 $146 (9... O-O 10. Nf1 Nh5 11. Bxe7 Nxe7 $11 12. Ne3 c5 13. Qd2
Kg7 14. O-O-O b5 15. Bb3 a5 16. d4 cxd4 17. cxd4 Qc7+ 18. Kb1 Nf6 19. Bc2 Ra6
20. d5 Nd7 21. g4 Ng8 22. Rdg1 Nc5 23. Rg3 Nf6 24. Rh3 Rh8 25. Nf5+ gxf5 26.
exf5 Nce4 27. Qe2 Qc4 28. Bd3 Qxd5 29. Rg1 Nc5 30. Bc2 Nfe4 31. Rh4 f6 32. g5
Bxf5 33. gxf6+ Kf8 34. Ne1 Be6 35. Kc1 Rc6 36. Qxb5 Rc8 37. Qb6 Qxa2 38. Kd1
Qd5+ 39. Kc1 Nb3+ 40. Kb1 Qd1+ {0-1 Markidis,K-Maiorov,N/Rethymnon 2010/CBM
137 Extra (40)}) (9... Nh5 10. Bxe7 Qxe7 11. Bxc6+ bxc6 12. d4 $14) (9... b5
10. Bb3 Nh5 11. Bxe7 Qxe7 12. O-O O-O $14) 10. Bg3 g4 11. Ng1 (11. Nh4 Nxe4 12.
Nxe4 Bxh4 $15) 11... h5 12. Bh4 (12. Bxc6+ bxc6 13. Bh4 $11) 12... Nd7 (12...
b5 $11) 13. Bxe7 Qxe7 (13... Nxe7 14. d4 b5 15. Bb3 $14 (15. Bc2)) 14. Ne2 (14.
Bxc6 bxc6 15. Ne2 $14) 14... Nb6 $6 (14... b5 15. Bc2 h4 $13) 15. Bxc6+ bxc6
16. c4 (16. O-O $5) 16... c5 (16... h4 17. Nc3 (17. c5 $5)) 17. Nc3 Bd7 $6 (
17... f5 18. exf5 Bxf5 19. Qe2 $13 (19. Nf1 Qh7)) 18. Nf1 Qg5 $6 (18... f5 19.
exf5 Bxf5 20. Ne3 $11) 19. Ne3 Rb8 (19... h4 20. Qd2) 20. Qd2 h4 21. O-O-O (21.
O-O $5) 21... Na4 22. Nxa4 (22. Ned5 Qxd2+ 23. Rxd2 Nxc3 24. Nxc3 $11) 22...
Bxa4 23. Rdf1 (23. Nd5 Qxd2+ 24. Rxd2 Kd8 25. Rf1 $14 {_|_}) 23... Bd7 24. f4
gxf3 (24... exf4 25. Nd5 (25. Nf5 Bxf5 26. exf5 Kd7 27. Rxf4 $11) (25. Nd1 $5)
25... c6 26. Qxf4 (26. Nxf4 $14) 26... Qxf4+ 27. Nxf4 $14) 25. Rxf3 f5 $2 (
25... Be6 $14) 26. exf5 Bc6 27. Rh3 $1 (27. Rf2 h3 $132) 27... Kd7 28. Rg1 (28.
Rf1 $16) 28... Rbg8 29. g3 (29. g4 $5) 29... Bf3 30. Rf1 Bc6 31. gxh4 (31. g4
$5) 31... Qh6 $1 (31... Qf6 32. h5 $16) 32. Rg3 (32. f6 Bg2 33. Nxg2 Qxd2+ 34.
Kxd2 Rxg2+ 35. Kc3 $16) 32... Qxh4 33. Rxg8 (33. Rfg1 Rxg3 34. hxg3 Qg5 35. g4
$16) 33... Rxg8 34. f6 $2 (34. Qf2 $16) 34... Rf8 35. f7 (35. Qf2 Qxf2 36. Rxf2
Ke6 37. Ng4 Be8 38. Kd2 Bh5 39. h3 Bxg4 40. hxg4 Rxf6 $11 41. Rxf6+ $140 $2
Kxf6 42. Ke3 Kg5 43. Kf3 Kh4 $19) 35... Qh7 $1 (35... Qh5 36. Qf2 Qg6 37. Kd2
Ke6 $16) 36. Ng4 Qh3 37. Qe2 Ke6 38. Kd2 (38. Rf6+ Ke7 39. Rh6 Qf3 $11) 38...
Rxf7 39. Rxf7 Kxf7 40. Qf2+ Qf3 (40... Ke7 41. Qf6+ Kd7 42. Qf5+ Ke7 $11) (
40... Ke8 $11) 41. Qxf3+ Bxf3 42. Ne3 $14 Ke6 (42... Kf6) (42... c6 43. Nf5 Ke6
44. Ng3 d5) 43. h4 c6 44. Nf1 Bh5 (44... d5 $5) (44... e4 45. Ke3 Bg2 46. Ng3
exd3 47. Kxd3 d5 $14) 45. Ng3 Bg6 46. Ne4 Bh5 (46... Bxe4 $4 47. dxe4 $18) 47.
a3 Bg6 (47... a5 48. a4 $5 {><a5}) 48. Ke3 Ke7 49. b4 cxb4 50. axb4 Ke6 51. Ng3
(51. c5 d5 52. Nd6 d4+ $11) 51... Bh7 (51... d5 52. cxd5+ cxd5 53. d4 e4 54.
Kf4 Kf6 $14) 52. h5 (52. d4 $14) 52... Kf6 $4 (52... d5 53. cxd5+ cxd5 54. d4
$14) 53. Ne4+ Bxe4 (53... Ke7 54. Ng5 Bf5 55. h6 Kf6 56. Ne4+ (56. h7 Kg7 57.
Nf7 Bxh7 58. Nxd6 $18) 56... Ke7 57. c5 dxc5 58. Nxc5 Kf6 59. Nxa6 $18) 54.
Kxe4 Kg5 $6 (54... Ke6 55. Kf3 $3 (55. h6 d5+ 56. Kf3 Kf6 57. Kg4 Kg6 58. c5 (
58. h7 Kxh7 59. cxd5 cxd5 60. Kf5 e4 61. dxe4 d4 62. Kf4 Kg6 $11) 58... Kxh6
59. Kf5 e4 60. dxe4 d4 61. Kf4 Kg6 62. e5 d3 63. Ke3 Kf5 64. Kxd3 Kxe5 $11)
55... Kf5 (55... d5 56. Kg4 Kf6 57. c5 $18) 56. h6 Kg6 57. Ke4 Kxh6 58. Kf5 $18
) 55. h6 Kxh6 56. Kf5 Kg7 (56... Kh5 57. Ke6 Kg4 (57... c5 58. bxc5 dxc5 59.
Kd5 Kg5 60. Kxc5 Kf4 61. Kb6 Ke3 62. c5 Kxd3 63. c6 e4 64. c7 e3 65. c8=Q e2
66. Qc1 $18) 58. Kxd6 Kf4 59. c5 Ke3 60. Kxe5 Kxd3 61. Kd6 Kc4 62. Kxc6 Kxb4
63. Kb6 a5 64. c6 a4 65. c7 a3 66. c8=Q a2 67. Qc1 $18) 57. Ke6 c5 58. bxc5
dxc5 59. Kd5 Kf6 60. Kxc5 Ke6 61. Kb6 Kd7 62. c5 1-0